| 000 | 00467cam9a220016900 4500 | ||
|---|---|---|---|
| 001 | tmp15926555 | ||
| 003 | UPRA | ||
| 005 | 20190821142101.0 | ||
| 008 | 951113n xx eng u | ||
| 035 | _a(Sirsi) r49229 | ||
| 035 | _a(UPRA)tmp15926555 | ||
| 040 | _cUPRA | ||
| 100 | 1 |
_aMaruyama, Masao. _6A7251.1 |
|
| 245 | 1 | 0 | _aStudies in the intellectual history of Tokugawa Japan. |
| 949 |
_aJA84 _wlcc _i33729001714430 _mMAIN _p2500 _tBOOK _lON-SHELF |
||
| 004 | 49229 | ||
| 999 |
_c118406 _d118406 |
||